<?xml version="1.0" encoding="UTF-8"?>
<record
    xmlns:xsi="http://www.w3.org/2001/XMLSchema-instance"
    xsi:schemaLocation="http://www.loc.gov/MARC21/slim http://www.loc.gov/standards/marcxml/schema/MARC21slim.xsd"
    xmlns="http://www.loc.gov/MARC21/slim">

  <leader>02977nam a2200301 a 4500</leader>
  <controlfield tag="001">000048649</controlfield>
  <controlfield tag="003">DO-SdBNP</controlfield>
  <controlfield tag="005">20240610125956.0</controlfield>
  <controlfield tag="007">ta</controlfield>
  <controlfield tag="008">100317s2015 dr c   000 0 spa d</controlfield>
  <datafield tag="020" ind1=" " ind2=" ">
    <subfield code="a">9789945891294</subfield>
  </datafield>
  <datafield tag="040" ind1=" " ind2=" ">
    <subfield code="a">DO-SdBNP</subfield>
    <subfield code="b">spa</subfield>
    <subfield code="c">BPMSU</subfield>
  </datafield>
  <datafield tag="082" ind1=" " ind2="4">
    <subfield code="a">801.93</subfield>
    <subfield code="b">R789i 2015</subfield>
    <subfield code="2">22</subfield>
  </datafield>
  <datafield tag="100" ind1="1" ind2=" ">
    <subfield code="a">Rosario Candelier, Bruno,</subfield>
    <subfield code="d">1941-</subfield>
  </datafield>
  <datafield tag="100" ind1="z" ind2=" ">
    <subfield code="a">Candelier, Bruno Rosario,</subfield>
    <subfield code="d">1941</subfield>
  </datafield>
  <datafield tag="245" ind1="1" ind2="0">
    <subfield code="a">Po&#xE9;tica del interiorismo :</subfield>
    <subfield code="b">teor&#xED;a de la est&#xE9;tica literaria /</subfield>
    <subfield code="c">Bruno Rosario Candelier.</subfield>
  </datafield>
  <datafield tag="260" ind1=" " ind2=" ">
    <subfield code="a">Moca, Rep&#xFA;blica Dominicana :</subfield>
    <subfield code="b">Judicial ;</subfield>
    <subfield code="b">Ateneo Insular Internacional,</subfield>
    <subfield code="c">2015.</subfield>
  </datafield>
  <datafield tag="300" ind1=" " ind2=" ">
    <subfield code="a">438 p. :</subfield>
    <subfield code="b">retrs. ;</subfield>
    <subfield code="c">23 cm.</subfield>
  </datafield>
  <datafield tag="490" ind1="0" ind2=" ">
    <subfield code="a">En la interior bodega,</subfield>
    <subfield code="v">7 </subfield>
  </datafield>
  <datafield tag="505" ind1="0" ind2=" ">
    <subfield code="a">Introducci&#xF3;n, 1.-- I. Vertiente te&#xF3;rica, 3.-- Po&#xE9;tica interior, 5.-- Los ideales de la Po&#xE9;tica Interior, 13.-- El Interiorismo en las letras hispanoamericanas, 23.-- Procedimientos de la Po&#xE9;tica Interior, 53.-- Principios de la Po&#xE9;tica Interior, 63.-- T&#xE9;cnica de la creaci&#xF3;n interiorista, 73.-- El sentido de la interioridad, 79.-- El camino de lo interior, 83.-- Lo ideal interiorista, 87.-- La imagen interiorista, 91.-- Filosof&#xED;a del Interiorismo, 99.-- Sustancia y sentido del Interiorismo, 111.-- Breve historia del Ateneo Insular, 117.-- Fundamento est&#xE9;tico del Interiorismo, 125.-- Filosof&#xED;a del Interiorismo, 151.-- La interiorizaci&#xF3;n metaf&#xED;sica, 179.-- Logos, interiorizaci&#xF3;n y creaci&#xF3;n, 187.-- El proceso de interiorizaci&#xF3;n en la creaci&#xF3;n literaria, 205.-- Experiencia po&#xE9;tica y creaci&#xF3;n interiorista, 233.-- Orientaci&#xF3;n est&#xE9;tica del Interiorismo, 219.-- La dimensi&#xF3;n metaf&#xED;sica y filos&#xF3;fica de la Po&#xE9;tica del Interiorismo, 233.-- Interiorismo y m&#xED;stica en las Antillas, 247.-- II. Entrevistas y reportajes, 261.-- Entrevista tele/radial sobre el Interiorismo, 263.-- Bruno Rosario Candelier: de Moca al mundo, 287.-- Aniversario del Ateneo Insular, 293.-- El Segundo Congreso Internacional del Interiorismo en Madrid, Espa&#xF1;a, 303.-- En el XX Aniversario del Ateneo Insular, 317.-- V Congreso Internacional del Movimiento Interiorista en Barcelona, Espa&#xF1;a, 321.-- Coloquio sobre el Interiorismo con escritores del Ateneo Insular, 325.-- Incorporaci&#xF3;n del grupo &#xA8;Letras Veganas&#xA8; al Interiorismo del Ateneo Insular, 337.-- Encuentro del Movimiento Interiorista en Santo Cerro, Concepci&#xF3;n de La Vega Real, 341.-- Sobre la experiencia interiorista, 355.-- Encuentro del Grupo de Estudios M&#xED;sticos del Movimiento Interiorista, 361.-- Di&#xE1;logo sobre interioridad y trascendencia con poetas dominicanos en Madrid, 387.-- Entrevista sobre el Interiorismo, 395.-- Bases estatutarias del Ateneo Insular, 401.-- Conclusi&#xF3;n, 413.</subfield>
  </datafield>
  <datafield tag="590" ind1=" " ind2=" ">
    <subfield code="a">Inventariado, 2015/ VM</subfield>
  </datafield>
  <datafield tag="650" ind1=" " ind2="4">
    <subfield code="a">Interiorismo literario (movimiento literario)</subfield>
  </datafield>
  <datafield tag="650" ind1=" " ind2="4">
    <subfield code="a"> Literatura dominicana </subfield>
    <subfield code="x"> </subfield>
  </datafield>
  <datafield tag="650" ind1=" " ind2="4">
    <subfield code="a">Literatura dominicana</subfield>
    <subfield code="x">Historia y cr&#xED;tica</subfield>
  </datafield>
  <datafield tag="650" ind1=" " ind2="4">
    <subfield code="a">Po&#xE9;tica del Interiorismo</subfield>
  </datafield>
  <datafield tag="910" ind1=" " ind2=" ">
    <subfield code="a"> VMateo V. Control de calidad. BPMSU</subfield>
  </datafield>
  <datafield tag="942" ind1=" " ind2=" ">
    <subfield code="2">ddc</subfield>
    <subfield code="c">BK</subfield>
  </datafield>
  <datafield tag="952" ind1=" " ind2=" ">
    <subfield code="0">0</subfield>
    <subfield code="1">0</subfield>
    <subfield code="2">ddc</subfield>
    <subfield code="4">0</subfield>
    <subfield code="7">0</subfield>
    <subfield code="8">CD</subfield>
    <subfield code="a">BPMET</subfield>
    <subfield code="b">BPMET</subfield>
    <subfield code="d">2024-06-10</subfield>
    <subfield code="l">0</subfield>
    <subfield code="o">BPMSU CD 801.93 R789i 2015</subfield>
    <subfield code="p">BPMSU24060002</subfield>
    <subfield code="r">2024-06-10</subfield>
    <subfield code="w">2024-06-10</subfield>
    <subfield code="y">BK</subfield>
  </datafield>
  <datafield tag="999" ind1=" " ind2=" ">
    <subfield code="c">14656</subfield>
    <subfield code="d">14656</subfield>
  </datafield>
</record>
